书目信息 |
| 题名: |
现代汉诗沉思录
|
|
| 作者: | 伍明春 著 | |
| 分册: | ||
| 出版信息: | 福州 海峡文艺出版社 2016 |
|
| 页数: | 352页 | |
| 开本: | 24cm | |
| 丛书名: | 闽派批评新锐丛书 | |
| 单 册: | ||
| 中图分类: | I207.25 | |
| 科图分类: | ||
| 主题词: | 新诗评论--xin shi ping lun--中国--现代 | |
| 电子资源: | ||
| ISBN: | 978-7-5550-0659-6 | |
| 000 | 00898nam0 22002531 450 | |
| 001 | 0127144053 | |
| 005 | 20170427144053.0 | |
| 010 | @a978-7-5550-0659-6@dCNY68.00 | |
| 100 | @a20160708d2016 em y0chiy50 ea | |
| 101 | 0 | @achi |
| 102 | @aCN@b350000 | |
| 105 | @ay z 000yy | |
| 106 | @ar | |
| 200 | 1 | @a现代汉诗沉思录@Axian dai han shi chen si lu@f伍明春著 |
| 210 | @a福州@c海峡文艺出版社@d2016 | |
| 215 | @a352页@d24cm | |
| 225 | 2 | @a闽派批评新锐丛书@Amin pai pi ping xin rui cong shu@f南帆,刘小新主编 |
| 330 | @a本书内容包括:早期新诗的合法性论纲、试论现代汉诗形式的发生、翻译与早期新诗的合法性、早期新诗写作中的师者角色、论新诗的现代想象等。 | |
| 461 | 0 | @12001 @a闽派批评新锐丛书 |
| 606 | 0 | @a新诗评论@Axin shi ping lun@y中国@z现代 |
| 690 | @aI207.25@v5 | |
| 701 | 0 | @a伍明春@Awu ming chun@f(1976~)@4著 |
| 801 | 0 | @aCN@bTANGWEI@c20170308 |
| 905 | @b0966549-51@dI207.25@e1004@f3 | |
| 现代汉诗沉思录/伍明春著.-福州:海峡文艺出版社,2016 |
| 352页;24cm.-(闽派批评新锐丛书/南帆,刘小新主编) |
| ISBN 978-7-5550-0659-6:CNY68.00 |
| 本书内容包括:早期新诗的合法性论纲、试论现代汉诗形式的发生、翻译与早期新诗的合法性、早期新诗写作中的师者角色、论新诗的现代想象等。 |
| ● |
| 相关链接 |
|
|
|
|
正题名:现代汉诗沉思录
索取号:I207.25/1004
 
预约/预借
| 序号 | 登录号 | 条形码 | 馆藏地/架位号 | 状态 | 备注 |
| 1 | 0966549 | 209665496 | 第一样本阅览室/ [索取号:I207.25/1004] | 在馆 | |
| 2 | 0966550 | 209665502 | 第二借阅区/ [索取号:I207.25/1004] | 在馆 | |
| 3 | 0966551 | 209665511 | 第二借阅区/ [索取号:I207.25/1004] | 在馆 |